000 00702nam a22002417a 4500
003 UA-OsUOA
001 45698
007 ta
008 20111028b un ||||| |||| 00| 0 ukr d
100 _aЖукоський А.
090 _a94(477)
_bЖ86
942 _cBK
040 _aUA-OsUOA
_bukr
_cUA-OsUOA
_dUA-OsUOA
245 _aНарис історії України
300 _a229 с.
955 _a1
041 _aukr
080 _a94(477)
260 _aЛьвів
_bВ-во НТШ
_c1991
650 7 _a9 Географія. Біографії. Історія
_2UDC
999 _c425760
_d425760